Statistics for Danske statsministre efter 2. Verdenskrig

Click here to take the quiz!

General Stats

  • This quiz has been taken 668 times
    (469 since last reset)
  • The average score is 10 of 19

Answer Stats

HintAnswer% Correct
(V) 2009-2011Lars Løkke Rasmussen
95%
(V) 2001-2009Anders Fogh Rasmussen
93%
(A) 2011-2015Helle Thorning Schmidt
92%
(A) 1993-2001Poul Nyrup Rasmussen
79%
(V) 2015-Lars Løkke Rasmussen
74%
(C) 1982-1993Poul Schlüter
71%
(A) 1972-1973Anker Jørgensen
68%
(A) 1975-1982Anker Jørgensen
68%
(A) 1971-1972Jens Otto Krag
56%
(A) 1962-1968Jens Otto Krag
56%
(V) 1950-1953Erik Eriksen
48%
(B) 1968-1971Hilmar Baunsgaard
32%
(A) 1955-1960H.C. Hansen
30%
(A) 1953-1955Hans Hedtoft
29%
(A) 1947-1950Hans Hedtoft
29%
(V) 1973-1975Poul Hartling
29%
(A) 1960-1962Viggo Kampmann
25%
(A) 1945Vilhelm Buhl
22%
(V) 1945-1947Knud Kristensen
18%

Score Distribution

Percentile by Number Answered

Percent of People with Each Score

Your Score History

You have not taken this quiz since the last reset